[Event "Biel MTO 2013"]
[Site "Biel SUI"]
[Date "2013.07.23"]
[Round "2.11"]
[White "Gloor, Roger"]
[Black "Adianto, Utut"]
[Result "0-1"]
[WhiteTitle "FM"]
[BlackTitle "GM"]
[WhiteElo "2340"]
[BlackElo "2548"]
[WhiteFideId "1316958"]
[BlackFideId "7100019"]
[EventDate "2013.07.22"]

1. e4 g6 2. d4 Bg7 3. Nf3 d6 4. Be2 c5 5. dxc5 Qa5+ 6. c3 Qxc5 7. Be3 Qc7 8. Bd4
e5 9. Be3 Nf6 10. Na3 Bd7 11. Nb5 Bxb5 12. Bxb5+ Nc6 13. Qd3 O-O 14. Bg5 d5 15.
Bxf6 dxe4 16. Qxe4 Bxf6 17. O-O Rad8 18. Bc4 Kg7 19. Bd5 Ne7 20. c4 Nxd5 21.
cxd5 Rd7 22. Rfd1 Rc8 23. Nd2 Qc2 24. Rab1 Rc5 25. Qxc2 Rxc2 26. Nf1 Bg5 27. Rd3
e4 28. Rc3 Rxc3 29. bxc3 Rxd5 30. Rxb7 Rd1 31. g4 e3 32. fxe3 Bxe3+ 33. Kg2 Bb6
34. Ng3 Rd2+ 35. Kf3 Rd3+ 36. Ke4 Rxc3 37. Kd5 Rc5+ 38. Kd6 Rc4 39. h3 Kf6 40.
Kd5 Rd4+ 41. Kc6 h6 42. a3 Ke6 43. Ne2 Re4 44. Rb8 Kf6 0-1

[Event "Biel MTO 2013"]
[Site "Biel SUI"]
[Date "2013.07.23"]
[Round "2.12"]
[White "Salem, A.R. Saleh"]
[Black "Patuzzo, Fabrizio"]
[Result "1-0"]
[WhiteTitle "GM"]
[BlackTitle "FM"]
[WhiteElo "2531"]
[BlackElo "2332"]
[WhiteFideId "9301348"]
[BlackFideId "1304240"]
[EventDate "2013.07.22"]

1. d4 d5 2. c4 c6 3. Nc3 Nf6 4. Nf3 a6 5. e3 b5 6. b3 Bg4 7. Be2 e6 8. h3 Bh5 9.
g4 Bg6 10. Ne5 Nfd7 11. Nxg6 hxg6 12. Qc2 Be7 13. Bb2 Nb6 14. c5 N6d7 15. O-O-O
f5 16. Kb1 a5 17. Rhg1 Bf6 18. f3 b4 19. Na4 Kf7 20. e4 f4 21. exd5 exd5 22. g5
Bxg5 23. Bd3 Nf8 24. Qg2 Ne6 25. Rde1 Qf6 26. Qg4 Nd7 27. Rxe6 Qxe6 28. Qxg5 Qf6
29. Bxg6+ Kg8 30. Bf5 Qxg5 31. Rxg5 Nf6 32. Bc1 Rh4 33. Nb2 Rf8 34. Nd3 Nh7 35.
Rg4 Rxg4 36. Bxg4 g5 37. Ne5 Rf6 38. Bd7 Rh6 39. Bxc6 Nf6 40. Ng4 Nxg4 41. Bxd5+
Kf8 42. hxg4 Ke7 43. a3 Rh2 44. axb4 axb4 45. Be4 Re2 46. d5 Kd7 47. Bb2 Re1+
48. Kc2 Re2+ 49. Kc1 Re3 50. Be5 Rxb3 51. c6+ Ke7 52. c7 1-0

[Event "Biel MTO 2013"]
[Site "Biel SUI"]
[Date "2013.07.23"]
[Round "2.13"]
[White "Studer, Noel"]
[Black "Malakhatko, Vadim"]
[Result "1/2-1/2"]
[WhiteTitle "FM"]
[BlackTitle "GM"]
[WhiteElo "2324"]
[BlackElo "2529"]
[WhiteFideId "1319620"]
[BlackFideId "14104202"]
[EventDate "2013.07.22"]

1. e4 e6 2. d4 d5 3. Nd2 c5 4. Ngf3 cxd4 5. exd5 Qxd5 6. Bc4 Qd8 7. O-O Nc6 8.
Nb3 a6 9. Nbxd4 Nxd4 10. Nxd4 Bd6 11. Re1 Ne7 12. Bd3 e5 13. Nf3 f6 14. c3 Qc7
15. Qb3 Bd7 16. Be3 Bc6 17. Bc4 b5 18. Bf7+ Kf8 19. Be6 Bxf3 20. gxf3 g5 21. a4
Kg7 22. axb5 axb5 23. Qxb5 Rhb8 24. Qc4 Qxc4 25. Bxc4 Rxa1 26. Rxa1 Rxb2 27. Ra6
Rb1+ 28. Kg2 Nf5 29. Bd3 Nxe3+ 30. fxe3 Rb2+ 31. Kh3 Bc5 32. Rc6 Bxe3 33. Rc7+
Kf8 34. Kg4 Rxh2 35. Kf5 Rh5 36. Ke6 f5 37. Rc8+ Kg7 38. Rc7+ Kf8 39. Rc8+ Kg7
40. Rc7+ 1/2-1/2

[Event "Biel MTO 2013"]
[Site "Biel SUI"]
[Date "2013.07.23"]
[Round "2.14"]
[White "Zozulia, Anna"]
[Black "Hausrath, Daniel"]
[Result "1/2-1/2"]
[WhiteTitle "IM"]
[BlackTitle "IM"]
[WhiteElo "2316"]
[BlackElo "2516"]
[WhiteFideId "14102110"]
[BlackFideId "4617495"]
[EventDate "2013.07.22"]

1. e4 c5 2. Nf3 Nc6 3. d4 cxd4 4. Nxd4 g6 5. Nc3 Bg7 6. Be3 Nf6 7. Be2 O-O 8.
O-O d6 9. Qd2 Bd7 10. Rad1 Nxd4 11. Bxd4 Bc6 12. f3 Nd7 13. Bxg7 Kxg7 14. Qd4+
Kg8 15. Bc4 Qb6 16. Qxb6 Nxb6 17. Bb3 a5 18. a3 Kg7 19. Rd4 Rfc8 20. Rf2 a4 21.
Rb4 axb3 22. Rxb6 bxc2 23. Rxc2 f5 24. Kf2 fxe4 25. Nxe4 Rf8 26. Re2 Rf5 27. Ng3
Rf7 28. Ne4 Rf5 29. Ng3 Rf7 1/2-1/2

[Event "Biel MTO 2013"]
[Site "Biel SUI"]
[Date "2013.07.23"]
[Round "2.15"]
[White "Saikrishnan, Sai"]
[Black "Wirig, Anthony"]
[Result "0-1"]
[BlackTitle "GM"]
[WhiteElo "1912"]
[BlackElo "2496"]
[WhiteFideId "1317776"]
[BlackFideId "615013"]
[EventDate "2013.07.22"]

1. d4 Nf6 2. c4 b6 3. Nf3 Bb7 4. e3 g6 5. Be2 Bg7 6. O-O O-O 7. Nc3 d6 8. Qc2
Nbd7 9. Rd1 e6 10. b3 Qe7 11. Bb2 Nh5 12. Ne1 f5 13. Bf3 c6 14. d5 cxd5 15. Nb5
Bxb2 16. Qxb2 a6 17. Nc3 Nhf6 18. Nc2 Ne5 19. Be2 dxc4 20. bxc4 Nfd7 21. Qb4 Qg5
22. Ne1 f4 23. exf4 Qxf4 24. f3 Ng4 25. g3 Qe3+ 26. Kh1 Rxf3 0-1

[Event "Biel MTO 2013"]
[Site "Biel SUI"]
[Date "2013.07.23"]
[Round "2.17"]
[White "Harikrishna, Pentala"]
[Black "Haussernot, Cecile"]
[Result "1-0"]
[WhiteTitle "GM"]
[BlackTitle "WFM"]
[WhiteElo "2680"]
[BlackElo "2135"]
[WhiteFideId "5007003"]
[BlackFideId "601632"]
[EventDate "2013.07.22"]

1. e4 c5 2. b3 Nc6 3. Bb2 d6 4. f4 e5 5. Bc4 Nf6 6. fxe5 dxe5 7. Nc3 Bg4 8. Nf3
Bd6 9. h3 Bh5 10. Bb5 Qd7 11. d3 a6 12. Bxc6 Qxc6 13. Ne2 Bxf3 14. gxf3 Nh5 15.
Qd2 O-O-O 16. O-O-O f6 17. Kb1 g5 18. h4 h6 19. Qc3 Rdg8 20. Qc4 Rd8 21. Rh2 Nf4
22. Nxf4 gxf4 23. Rg1 Kb8 24. Rg6 Bc7 25. Ba3 Bb6 26. Rhg2 Ka7 27. Bb2 Bc7 28.
h5 b5 29. Qf7 Rhf8 30. Rxf6 Rxf7 31. Rxc6 Bd6 32. Rg6 Rfd7 33. Rxh6 Kb7 34.
Rhxd6 Rxd6 35. Rxc5 Rh6 36. Rxe5 Rg8 37. Bc1 Rgh8 38. Bxf4 Rxh5 39. Rxh5 Rxh5
40. Bd2 Rh2 41. Kc1 Rh1+ 42. Kb2 Rh2 43. Bg5 b4 44. f4 Kc6 45. Be7 a5 46. f5 Kd7
47. Bf8 Re2 48. a3 1-0

[Event "Biel MTO 2013"]
[Site "Biel SUI"]
[Date "2013.07.23"]
[Round "2.19"]
[White "Minko, Vladimir"]
[Black "Gharamian, Tigran"]
[Result "0-1"]
[WhiteTitle "FM"]
[BlackTitle "GM"]
[WhiteElo "2312"]
[BlackElo "2655"]
[WhiteFideId "24146706"]
[BlackFideId "13301527"]
[EventDate "2013.07.22"]

1. d4 Nf6 2. c4 e6 3. g3 c5 4. d5 exd5 5. cxd5 d6 6. Bg2 b5 7. e4 Nbd7 8. Ne2 g6
9. O-O Bg7 10. Bf4 Qb6 11. Qc1 O-O 12. Bh6 Re8 13. Bxg7 Kxg7 14. Nd2 Ba6 15. Nf4
Ne5 16. Re1 c4 17. Nf3 b4 18. Nh4 Rac8 19. a3 Nfg4 20. Qc2 Nd3 21. axb4 Ngxf2
22. Nxd3 Nxd3+ 23. Kh1 Nf2+ 24. Kg1 Nxe4+ 25. Kh1 Nf2+ 26. Kg1 0-1

[Event "Biel MTO 2013"]
[Site "Biel SUI"]
[Date "2013.07.23"]
[Round "2.20"]
[White "Ganguly, Surya Shekhar"]
[Black "Banas, Jan"]
[Result "1-0"]
[WhiteTitle "GM"]
[BlackTitle "IM"]
[WhiteElo "2628"]
[BlackElo "2310"]
[WhiteFideId "5002150"]
[BlackFideId "14900076"]
[EventDate "2013.07.22"]

1. e4 c5 2. Nf3 d6 3. d4 cxd4 4. Nxd4 Nf6 5. Nc3 Nc6 6. Bg5 e6 7. Qd2 a6 8.
O-O-O Bd7 9. f4 h6 10. Bh4 Be7 11. Nf3 Rc8 12. Kb1 b5 13. Bxf6 gxf6 14. Bd3 Qc7
15. Rhe1 Na5 16. f5 Nc4 17. Bxc4 Qxc4 18. e5 fxe5 19. Nxe5 dxe5 20. Qxd7+ Kf8
21. Re4 Qc6 22. fxe6 Qxe6 23. Qxe6 fxe6 24. Rxe5 Rc6 25. Rde1 Kf7 26. Nd5 Bf6
27. Nxf6 Kxf6 28. R5e3 Rg8 29. Rf1+ Ke7 30. Rf2 Rd6 31. Kc1 Rg5 32. Ref3 Kd7 33.
Rf7+ Kc6 34. Re2 Rf5 35. Rxf5 exf5 36. Re5 Rf6 37. Kd2 Kd6 38. Re8 Kd5 39. Ke3
Rc6 40. c3 b4 41. cxb4 Rc2 42. Rd8+ Ke5 43. Rd2 Rc4 44. a3 Rh4 45. h3 Re4+ 46.
Kd3 Rd4+ 47. Kc3 Re4 48. a4 Kf4 49. Rd6 Re3+ 50. Kc4 Re2 51. g4 Rc2+ 52. Kb3 Rh2
53. gxf5 Rxh3+ 54. Kc4 1-0

[Event "Biel MTO 2013"]
[Site "Biel SUI"]
[Date "2013.07.24"]
[Round "3.1"]
[White "Zhao, Xue"]
[Black "Kurnosov, Igor"]
[Result "1-0"]
[WhiteTitle "GM"]
[BlackTitle "GM"]
[WhiteElo "2553"]
[BlackElo "2657"]
[WhiteFideId "8601283"]
[BlackFideId "4142527"]
[EventDate "2013.07.22"]

1. d4 Nf6 2. c4 g6 3. Nc3 d5 4. Qb3 dxc4 5. Qxc4 Bg7 6. e4 O-O 7. Be2 Be6 8. Qd3
c5 9. d5 Bc8 10. e5 Nfd7 11. f4 Nb6 12. Be3 Na6 13. Qd2 Nb4 14. Rd1 Bf5 15. Bxc5
Nc2+ 16. Kf1 Rc8 17. Bf2 Nc4 18. Bxc4 Rxc4 19. Nge2 Nb4 20. h3 Bh6 21. g4 Bc2
22. Rc1 f6 23. exf6 Rxf6 24. g5 Bd3 25. gxf6 Rxf4 26. Ke1 Bxe2 27. Qxe2 Rxf6 28.
Rd1 Qa5 29. Bd4 Rf4 30. Rf1 Nxd5 31. Qe6+ 1-0

[Event "Biel MTO 2013"]
[Site "Biel SUI"]
[Date "2013.07.24"]
[Round "3.2"]
[White "Adianto, Utut"]
[Black "Smeets, Jan"]
[Result "0-1"]
[WhiteTitle "GM"]
[BlackTitle "GM"]
[WhiteElo "2548"]
[BlackElo "2643"]
[WhiteFideId "7100019"]
[BlackFideId "1007246"]
[EventDate "2013.07.22"]

1. c4 Nf6 2. Nc3 e5 3. Nf3 Nc6 4. g3 Bb4 5. Bg2 O-O 6. O-O Re8 7. d3 Nd4 8. Nh4
c6 9. e4 d6 10. h3 a6 11. f4 b5 12. Kh2 bxc4 13. dxc4 Be6 14. Qd3 Nd7 15. Na4 f6
16. Be3 Nc5 17. Nxc5 Bxc5 18. Rad1 Qb6 19. Rd2 a5 20. Nf3 Nxf3+ 21. Rxf3 Red8
22. Qb3 Qxb3 23. axb3 Bxe3 24. Rxe3 c5 25. Bf3 Kf8 26. Bd1 Ke7 27. Red3 Rab8 28.
h4 Rb4 29. f5 Bf7 30. g4 a4 31. bxa4 Bxc4 32. Rg3 Rdb8 33. Rgg2 Bf1 34. Rgf2 Ba6
35. Bf3 Rxa4 36. g5 Rd4 37. Rxd4 exd4 38. Kg3 d5 39. Kf4 dxe4 40. Bxe4 Kd6 41.
Rg2 d3 42. gxf6 gxf6 43. Ke3 Re8 44. Rg7 Rxe4+ 45. Kxe4 d2 46. Rg8 Bd3+ 0-1

[Event "Biel MTO 2013"]
[Site "Biel SUI"]
[Date "2013.07.24"]
[Round "3.3"]
[White "Sandipan, Chanda"]
[Black "Salem, A.R. Saleh"]
[Result "1/2-1/2"]
[WhiteTitle "GM"]
[BlackTitle "GM"]
[WhiteElo "2623"]
[BlackElo "2531"]
[WhiteFideId "5004225"]
[BlackFideId "9301348"]
[EventDate "2013.07.22"]

1. d4 Nf6 2. Nf3 g6 3. Bf4 Bg7 4. e3 d6 5. h3 O-O 6. Be2 c5 7. c3 Be6 8. O-O Qb6
9. Qc1 Nc6 10. Na3 Rac8 11. Rd1 d5 12. Qc2 a6 13. Rac1 Nh5 14. Bh2 cxd4 15. Nxd4
Nxd4 16. exd4 Bh6 17. Ra1 Nf4 18. Bf1 Bf5 19. Qb3 Rc6 20. Re1 e6 21. Qxb6 Rxb6
22. g4 Be4 23. Nc4 dxc4 24. Rxe4 Nd5 25. Bxc4 Rxb2 26. Bxd5 exd5 27. Re5 f5 28.
Bg3 fxg4 29. hxg4 Bf4 30. Rxd5 Bxg3 31. fxg3 Rf3 32. Re1 Rxg3+ 33. Kh1 Rxc3 34.
Rd7 Rc8 35. d5 b5 36. d6 Rd2 37. Rc7 Rd8 38. Ree7 R2xd6 39. Rg7+ Kf8 40. Rgf7+
Kg8 1/2-1/2

[Event "Biel MTO 2013"]
[Site "Biel SUI"]
[Date "2013.07.24"]
[Round "3.4"]
[White "Wirig, Anthony"]
[Black "Bartel, Mateusz"]
[Result "1/2-1/2"]
[WhiteTitle "GM"]
[BlackTitle "GM"]
[WhiteElo "2496"]
[BlackElo "2619"]
[WhiteFideId "615013"]
[BlackFideId "1112635"]
[EventDate "2013.07.22"]

1. d4 Nf6 2. Nf3 e6 3. c4 Bb4+ 4. Bd2 c5 5. Bxb4 cxb4 6. e3 O-O 7. a3 bxa3 8.
Nxa3 d6 9. Be2 Nc6 10. O-O Qe7 11. Nb5 a5 12. Rc1 Rd8 13. c5 dxc5 14. Rxc5 Bd7
15. Qb3 b6 16. Rcc1 Rac8 17. h3 h6 18. Rfd1 Be8 19. Ne5 Nxe5 20. Rxc8 Nf3+ 21.
Bxf3 Rxc8 22. Nc3 Qb4 23. Qxb4 axb4 24. Ne4 Rc2 25. Ra1 Kf8 26. Ra8 Ke7 27. Nxf6
gxf6 28. b3 Rc3 29. d5 Bd7 30. Rb8 b5 31. Rb6 Rd3 32. d6+ Rxd6 33. Rxd6 Kxd6 34.
Bd1 Bc6 1/2-1/2

[Event "Biel MTO 2013"]
[Site "Biel SUI"]
[Date "2013.07.24"]
[Round "3.7"]
[White "Meins, Gerlef"]
[Black "Harikrishna, Pentala"]
[Result "0-1"]
[WhiteTitle "IM"]
[BlackTitle "GM"]
[WhiteElo "2474"]
[BlackElo "2680"]
[WhiteFideId "4620895"]
[BlackFideId "5007003"]
[EventDate "2013.07.22"]

1. d4 Nf6 2. c4 e6 3. Nf3 b6 4. g3 Bb7 5. Bg2 g6 6. O-O Bg7 7. Nc3 O-O 8. d5
exd5 9. cxd5 Re8 10. Nd4 Na6 11. Bf4 Nh5 12. Be3 Rxe3 13. fxe3 Qg5 14. Nf3 Qxe3+
15. Kh1 Nf6 16. Qd4 Qxd4 17. Nxd4 Ng4 18. Nc2 Re8 19. Bf3 Ne5 20. Na3 Nxf3 21.
exf3 Bxc3 22. bxc3 Bxd5 23. c4 Bc6 24. Nb5 Re3 25. Rae1 Bxf3+ 26. Kg1 Rd3 27.
Re8+ Kg7 28. Nd4 Rxd4 29. Rxf3 Rd1+ 30. Kg2 Rd2+ 31. Kg1 f5 32. Ra3 Nc5 33. Rxa7
Ne6 34. Re7+ Kh6 35. Kf1 Rxh2 36. Rxd7 Kg5 37. Re7 Kf6 38. Re8 Rc2 39. Rxe6+
Kxe6 40. Rxc7 b5 41. Rxh7 bxc4 42. Rg7 Kf6 43. Rc7 Kg5 44. Rc6 Kh5 45. a4 g5 46.
a5 Kg4 47. Rc5 Ra2 48. Ke1 Kxg3 49. Rxf5 g4 50. Kd1 Kh4 51. Rc5 g3 52. Rxc4+ Kh3
53. Rc5 g2 54. Rg5 Kh2 55. Rh5+ Kg3 56. Rg5+ Kf2 57. Rf5+ Ke3 58. Rg5 Ra1+ 59.
Kc2 g1=Q 0-1

[Event "Biel MTO 2013"]
[Site "Biel SUI"]
[Date "2013.07.24"]
[Round "3.8"]
[White "Bu, Xiangzhi"]
[Black "Donchenko, Alexander"]
[Result "1-0"]
[WhiteTitle "GM"]
[BlackTitle "IM"]
[WhiteElo "2664"]
[BlackElo "2477"]
[WhiteFideId "8601445"]
[BlackFideId "24603295"]
[EventDate "2013.07.22"]

1. c4 e6 2. g3 d5 3. Bg2 dxc4 4. Qa4+ Nd7 5. Qxc4 c5 6. Nf3 Ngf6 7. Qb3 Be7 8.
O-O O-O 9. Nc3 Qb6 10. Rd1 Qxb3 11. axb3 Rd8 12. d4 cxd4 13. Rxd4 Nc5 14. Rxd8+
Bxd8 15. Be3 Nxb3 16. Rd1 Be7 17. Ne5 Ne8 18. Nc4 Kf8 19. Nb5 Nc5 20. Bxc5 Bxc5
21. Rd8 Ke7 22. Rxe8+ Kxe8 23. Nc7+ Kd7 24. Nxa8 f6 25. Na5 b6 26. Nc6 a5 27. e3
Bb7 28. Na7 Ba6 29. Bc6+ Kd8 30. Kg2 Be2 31. Bb5 Bd1 32. Bc4 Bc2 33. f3 Bxe3 34.
Bxe6 Ba4 35. Kf1 Be8 36. Bc4 Bd4 37. b3 Bc5 38. Ke2 Bd7 39. g4 g6 40. h3 h5 41.
Kd3 hxg4 42. hxg4 g5 43. Kc3 f5 44. gxf5 Bxf5 45. Nc6+ Kc8 46. Ba6+ Kd7 47. Ne5+
Kd6 48. Nf7+ Kc6 49. Nxg5 b5 50. Nf7 a4 51. b4 Be7 52. Ne5+ Kd5 53. f4 Ke4 54.
Bxb5 Kxf4 55. Nd3+ Ke3 56. Nc5 a3 57. Nb6 a2 58. Nd5+ Kf3 59. Kb2 Bxc5 60. bxc5
Ke4 61. Ne7 Be6 62. c6 Kd4 63. c7 Kc5 64. Bf1 Kd6 65. c8=Q Bxc8 66. Nxc8+ Kc7
67. Ne7 a1=Q+ 68. Kxa1 Kd6 69. Nf5+ Ke5 70. Bd3 1-0

[Event "Biel MTO 2013"]
[Site "Biel SUI"]
[Date "2013.07.24"]
[Round "3.9"]
[White "Gharamian, Tigran"]
[Black "Huang, Qian"]
[Result "1/2-1/2"]
[WhiteTitle "GM"]
[BlackTitle "WGM"]
[WhiteElo "2655"]
[BlackElo "2487"]
[WhiteFideId "13301527"]
[BlackFideId "8602689"]
[EventDate "2013.07.22"]

1. d4 Nf6 2. c4 g6 3. g3 Bg7 4. Bg2 O-O 5. Nf3 c6 6. O-O d5 7. Qb3 Qb6 8. Nc3
Bf5 9. h3 Na6 10. c5 Qxb3 11. axb3 Nd7 12. g4 Bc2 13. Ra3 e5 14. e3 Nb4 15. Bd2
Bd3 16. Rd1 Nc2 17. Ra4 e4 18. Ne1 Nxe1 19. Bxe1 a6 20. f4 f5 21. g5 Bb5 22.
Raa1 Rfe8 23. Kf2 Kf7 24. Nxb5 cxb5 25. Bf1 Rac8 26. Be2 Rh8 27. h4 h5 28. Rdc1
Nb8 29. b4 Nc6 30. Bc3 Ke6 31. Ra2 Na7 32. Rca1 Rc6 33. Ra5 Bf8 34. Bd1 Be7 35.
Bb3 Bd8 36. R5a2 Bc7 37. Bd1 Bd8 1/2-1/2

[Event "Biel MTO 2013"]
[Site "Biel SUI"]
[Date "2013.07.24"]
[Round "3.10"]
[White "Saric, Ivan"]
[Black "Braun, Christian2"]
[Result "1-0"]
[WhiteTitle "GM"]
[BlackTitle "IM"]
[WhiteElo "2639"]
[BlackElo "2360"]
[WhiteFideId "14508150"]
[BlackFideId "4692098"]
[EventDate "2013.07.22"]

1. c4 Nf6 2. g3 g6 3. Bg2 Bg7 4. Nc3 O-O 5. e4 d6 6. Nge2 c5 7. O-O Nc6 8. d3
Ne8 9. Be3 Nd4 10. Rb1 Nc7 11. b4 Nce6 12. f4 cxb4 13. Rxb4 Nc6 14. Rb1 Ned4 15.
Nxd4 Bxd4 16. Qe1 Bg7 17. Qd2 Qa5 18. Rfc1 a6 19. d4 Qh5 20. d5 Nb8 21. c5 dxc5
22. Bxc5 Re8 23. e5 Nd7 24. Ba3 g5 25. e6 fxe6 26. dxe6 Nf6 27. f5 Ng4 28. h3
Bxe6 29. fxe6 Red8 30. Nd5 1-0

[Event "Biel MTO 2013"]
[Site "Biel SUI"]
[Date "2013.07.24"]
[Round "3.11"]
[White "Schiendorfer, Emanuel"]
[Black "Ganguly, Surya Shekhar"]
[Result "1/2-1/2"]
[WhiteTitle "FM"]
[BlackTitle "GM"]
[WhiteElo "2392"]
[BlackElo "2628"]
[WhiteFideId "1309889"]
[BlackFideId "5002150"]
[EventDate "2013.07.22"]

1. Nf3 Nf6 2. c4 g6 3. Nc3 d5 4. cxd5 Nxd5 5. Qb3 Nb6 6. d4 Bg7 7. e4 O-O 8. Be3
Bg4 9. O-O-O a5 10. h3 a4 11. Qa3 Bxf3 12. gxf3 Nc6 13. h4 Na5 14. Bg5 Re8 15.
e5 h6 16. Be3 Nac4 17. Bxc4 Nxc4 18. Qc5 Nxe3 19. fxe3 a3 20. h5 axb2+ 21. Kb1
Qd7 22. hxg6 fxg6 23. Qc4+ Kh8 24. e6 Qc6 25. Qxc6 bxc6 26. Ne4 Ra3 27. Rhe1
Rea8 28. Kxb2 Rxa2+ 29. Kb3 R2a5 30. Kc4 g5 31. Kd3 Ra3+ 32. Ke2 Kh7 33. Rd3
Ra2+ 34. Rd2 Kg6 35. Rc1 Rxd2+ 36. Kxd2 Ra2+ 37. Kd3 Ra3+ 38. Ke2 Ra2+ 39. Kf1
Ra6 40. Rc5 Bf6 41. Kf2 Ra2+ 42. Kf1 Ra1+ 43. Kf2 Ra2+ 44. Kf1 Ra1+ 45. Kf2 Ra2+ 1/2-1/2

[Event "Biel MTO 2013"]
[Site "Biel SUI"]
[Date "2013.07.24"]
[Round "3.12"]
[White "Hakimifard, Ghazal"]
[Black "Saric, Ante"]
[Result "1/2-1/2"]
[WhiteTitle "WIM"]
[BlackTitle "GM"]
[WhiteElo "2196"]
[BlackElo "2565"]
[WhiteFideId "12506540"]
[BlackFideId "14506254"]
[EventDate "2013.07.22"]

1. e4 e5 2. Nf3 Nc6 3. Bc4 Bc5 4. d3 Nf6 5. O-O d6 6. c3 a6 7. Bb3 h6 8. Re1 Ba7
9. Nbd2 Be6 10. Nf1 O-O 11. Be3 Re8 12. Bxa7 Rxa7 13. Bxe6 Rxe6 14. d4 exd4 15.
Nxd4 Nxd4 16. Qxd4 Ra8 17. f3 Qe8 1/2-1/2

[Event "Biel MTO 2013"]
[Site "Biel SUI"]
[Date "2013.07.24"]
[Round "3.13"]
[White "Cvitan, Ognjen"]
[Black "Lang, Torsten"]
[Result "1/2-1/2"]
[WhiteTitle "GM"]
[BlackTitle "FM"]
[WhiteElo "2562"]
[BlackElo "2338"]
[WhiteFideId "14500086"]
[BlackFideId "4619315"]
[EventDate "2013.07.22"]

1. d4 g6 2. c4 Bg7 3. Nf3 Nf6 4. g3 O-O 5. Bg2 d6 6. O-O a6 7. Nc3 Nc6 8. d5 Na5
9. b3 c5 10. dxc6 bxc6 11. Bd2 c5 12. Ne5 Rb8 13. Nd3 Bb7 14. Bxb7 Rxb7 15. e3
Nc6 16. Qf3 Qc8 17. Rad1 Nd7 18. Qg2 a5 19. Nb5 a4 20. Nf4 axb3 21. axb3 Na7 22.
Nd5 Ne5 23. Nxa7 Rxa7 24. Bc3 e6 25. Bxe5 1/2-1/2

[Event "Biel MTO 2013"]
[Site "Biel SUI"]
[Date "2013.07.24"]
[Round "3.14"]
[White "Malakhatko, Vadim"]
[Black "Zozulia, Anna"]
[Result "1-0"]
[WhiteTitle "GM"]
[BlackTitle "IM"]
[WhiteElo "2529"]
[BlackElo "2316"]
[WhiteFideId "14104202"]
[BlackFideId "14102110"]
[EventDate "2013.07.22"]

1. c4 c5 2. Nf3 Nc6 3. Nc3 d6 4. d4 cxd4 5. Nxd4 Nf6 6. e4 g6 7. Be2 Bg7 8. Be3
O-O 9. O-O Bd7 10. Qd2 Rc8 11. f3 b6 12. Nc2 Qc7 13. Rac1 Qb7 14. Rfd1 Rfd8 15.
Bf1 h5 16. Nd5 Be6 17. b3 Nd7 18. Nf4 Nf8 19. Nd5 Nd7 20. b4 Nde5 21. Bg5 Re8
22. Kh1 Rcd8 23. Na1 Rc8 24. Nb3 Rcd8 25. Rb1 Rc8 26. Rdc1 Rcd8 27. h3 Rc8 28.
a4 Rcd8 29. a5 Rc8 30. f4 Nd7 31. a6 Qb8 32. b5 Bxd5 33. cxd5 Na5 34. Nxa5 bxa5
35. Qxa5 Rxc1 36. Rxc1 Nc5 37. Re1 Kf8 38. Qa3 Nd7 39. Bh4 Rc8 40. e5 Nc5 41. e6
Rc7 42. f5 gxf5 43. Qf3 fxe6 44. dxe6 Qe8 45. Qxf5+ Kg8 46. Be2 1-0

[Event "Biel MTO 2013"]
[Site "Biel SUI"]
[Date "2013.07.24"]
[Round "3.16"]
[White "Hausrath, Daniel"]
[Black "Studer, Noel"]
[Result "1-0"]
[WhiteTitle "IM"]
[BlackTitle "FM"]
[WhiteElo "2516"]
[BlackElo "2324"]
[WhiteFideId "4617495"]
[BlackFideId "1319620"]
[EventDate "2013.07.22"]

1. c4 Nf6 2. Nc3 c5 3. g3 e6 4. Nf3 b6 5. Bg2 Bb7 6. O-O Be7 7. d4 cxd4 8. Qxd4
d6 9. Bg5 a6 10. Bxf6 Bxf6 11. Qf4 Bxf3 12. exf3 Ra7 13. Rfd1 Be7 14. Qe3 O-O
15. f4 g6 16. Ne4 Rd7 17. Rac1 Re8 18. Qb3 Qc7 19. h4 Rdd8 20. h5 Nd7 21. Qc3
Bf8 22. hxg6 hxg6 23. Bf3 Bg7 24. Qc2 Nc5 25. Ng5 a5 26. b3 Bf6 27. Nh3 Re7 28.
Kg2 e5 29. Bd5 e4 30. Qe2 Qc8 31. Rh1 Rde8 32. Qe3 Kg7 33. Ng5 Bxg5 34. fxg5 Rh8
35. Rxh8 Kxh8 36. Rh1+ Kg8 37. Qf4 Qf5 38. Qxf5 gxf5 39. g6 1-0

[Event "Biel MTO 2013"]
[Site "Biel SUI"]
[Date "2013.07.24"]
[Round "3.17"]
[White "Gaehwiler, Gabriel"]
[Black "Cherniaev, Alexander"]
[Result "1/2-1/2"]
[BlackTitle "GM"]
[WhiteElo "2267"]
[BlackElo "2447"]
[WhiteFideId "1314530"]
[BlackFideId "4117301"]
[EventDate "2013.07.22"]

1. d4 Nf6 2. Nf3 b6 3. g3 Bb7 4. Bg2 c5 5. Bg5 cxd4 6. Bxf6 gxf6 7. O-O Bxf3 8.
Bxf3 Nc6 9. c3 dxc3 10. Nxc3 a6 11. Bxc6 dxc6 12. Qa4 b5 13. Qe4 Qb6 14. a4 Rb8
15. axb5 axb5 16. Qf4 Rd8 17. Rfd1 Bg7 18. Rxd8+ Qxd8 19. Qe4 O-O 20. Qxc6 b4 1/2-1/2

[Event "Biel MTO 2013"]
[Site "Biel SUI"]
[Date "2013.07.24"]
[Round "3.18"]
[White "Cebalo, Miso"]
[Black "Ludwig, Peter"]
[Result "1/2-1/2"]
[WhiteTitle "GM"]
[WhiteElo "2438"]
[BlackElo "2265"]
[WhiteFideId "14500094"]
[BlackFideId "4651359"]
[EventDate "2013.07.22"]

1. c4 c5 2. g3 g6 3. Bg2 Bg7 4. Nc3 Nc6 5. Nf3 Nf6 6. O-O O-O 7. d4 cxd4 8. Nxd4
Nxd4 9. Qxd4 d6 10. Qd3 a6 11. Bd2 Bf5 12. e4 Be6 13. Rac1 Rb8 14. a4 Qd7 15. b3
Rfe8 16. f3 Qd8 17. Be3 Nd7 18. Rfd1 Qa5 19. Nd5 b5 20. cxb5 axb5 21. Nc7 Ne5
22. Qb1 Bxb3 23. Nxe8 Bxd1 1/2-1/2

[Event "Biel MTO 2013"]
[Site "Biel SUI"]
[Date "2013.07.24"]
[Round "3.19"]
[White "Raetsky, Alexander"]
[Black "Sean, Winshand Cuhendi"]
[Result "1/2-1/2"]
[WhiteTitle "GM"]
[WhiteElo "2412"]
[BlackElo "2259"]
[WhiteFideId "4103203"]
[BlackFideId "7101554"]
[EventDate "2013.07.22"]

1. d4 Nf6 2. c4 c5 3. d5 d6 4. Nc3 g6 5. e4 Bg7 6. h3 O-O 7. Nf3 e6 8. Bd3 exd5
9. exd5 Re8+ 10. Be3 Na6 11. O-O Bd7 12. Re1 Nc7 13. Bf4 Rxe1+ 14. Qxe1 Qf8 15.
a4 Nh5 16. Bg5 f6 17. Bd2 f5 18. Qc1 a5 19. Be2 Re8 20. Qf1 Bf6 21. Re1 b6 22.
Bd1 Rxe1 23. Qxe1 Qe7 24. Qxe7 Bxe7 25. Ng5 Ng7 26. f4 h6 27. Nf3 Kf7 28. Kf2
Nh5 29. g3 Nf6 30. b3 Na6 31. Ne5+ dxe5 32. fxe5 g5 33. exf6 Bxf6 34. Bh5+ Ke7
35. Nb5 Be5 36. h4 Kf6 37. hxg5+ hxg5 38. Be2 1/2-1/2